Statistiken für Kleinste Länder bei einer Fußball-WM

Klicken Sie hier um das Quiz zu spielen!

Allgemein

  • Dieses Quiz wurde 217 mal gespielt
    (150 seit der letzten Aktualisierung)
  • Das Durchschnittsergebnis liegt bei 13 aus 26

Antwortstatistiken

EinwohnerTeilnahmen/JahreLand% Korrekt
0,3 Mio1x (2018)Island
77%
2,8 Mio1x (2022)Katar
67%
3,9 Mio6x
(u.a. 2014,2018,2022)
Kroatien
67%
2 Mio2x (2002,2010)Slowenien
66%
8,7 Mio12x
(u.a. 2014,2018,2022)
Schweiz
65%
8,9 Mio7x
(u.a. 1982,1990,1998)
Österreich
63%
5,4 Mio1x (2010)Slowakei
63%
5,2 Mio6x
(u.a. 2014, 2018, 2022)
Costa Rica
62%
4,4 Mio1x (2018)Panama
59%
6,8 Mio4x
(u.a. 2010,2014,2018)
Serbien
(2006 als Serbien & Montenegro)
56%
5,8 Mio6x
(u.a. 2010,2018,2022)
Dänemark
53%
5 Mio3x (1990,1994,2002)Irland
53%
1,3 Mio1x (2006)Trinidad & Tobago
53%
3,4 Mio13x
(u.a. 2014,2018,2022)
Uruguay
52%
3,3 Mio1x (2014)Bosnien & Herzegowina
50%
2,9 Mio1x (1998)Jamaika
49%
5,1 Mio2x (1982,2010)Neuseeland
47%
5,4 Mio3x (1938,1994,1998)Norwegen
46%
6,3 Mio1x (1970)El Salvador
43%
9,7 Mio9x
(u.a. 1978,1982,1986)
Ungarn
42%
6,7 Mio8x
(u.a. 2002,2006,2010)
Paraguay
38%
8,6 Mio1x (2006)Togo
38%
4,3 Mio1x (1982)Kuwait
33%
9,4 Mio1x (1990)VAE
32%
6,9 Mio7x
(u.a. 1986,1994,1998)
Bulgarien
27%
9,4 Mio1x (1970)Israel
24%

Verteilung der Resultate

Perzentil nach korrekt beantworteten Fragen

Anzahl Personen mit jedem Resultat

Ihre Resultats-Entwicklung

Sie haben dieses Quiz seit der letzten Aktualisierung nicht gespielt